Studi sulla societas
Saved in:
| Main Author: | |
|---|---|
| Format: | Book |
| Language: | Italian |
| Published: |
Milán
Dott. A. Giuffrè
1967
|
| Series: | Pubblicazioni della Facoltà di Giurisprudenza.
6 |
| Subjects: | |
| Tags: |
Add Tag
No Tags, Be the first to tag this record!
|
MARC
| LEADER | 00000nam a2200000 a 4500 | ||
|---|---|---|---|
| 001 | UCR1267 | ||
| 003 | CL-VaPUC | ||
| 005 | 20250224092028.0 | ||
| 008 | 971212e19670000IT |||||||||||||||||ita|d | ||
| 999 | |c 264742 |d 264740 | ||
| 040 | |c Pontificia Universidad Católica de Valparaíso | ||
| 082 | 0 | 4 | |a 340.54 BIA 1967 |2 21 |
| 100 | 0 | |a Bianchini, Mariagrazia |9 398325 | |
| 245 | 1 | 0 | |a Studi sulla societas |
| 260 | |a Milán |b Dott. A. Giuffrè |c 1967 | ||
| 300 | |a 126 páginas | ||
| 490 | 0 | |a Pubblicazioni della Facoltà di Giurisprudenza. |v 6 | |
| 583 | |a last modification |c 19971212 00:00:00 |k Rodrigo Vera | ||
| 600 | 0 | |a Gayo |9 395807 | |
| 650 | 0 | |a Derecho romano |9 255930 | |
| 650 | 0 | |a Sociedad civil |9 259053 | |
| 650 | 7 | |a ESTRUCTURA |2 CL-VaPUC |9 355242 | |
| 650 | 0 | |a Valor |9 323720 | |
| 650 | 0 | |a Historia |9 255047 | |
| 650 | 0 | |a Derecho civil |9 255013 | |
| 942 | |c BK |2 ddc | ||
| 945 | |d 19971212 00:00:00 |a aolguin | ||
| 952 | |0 0 |1 0 |4 0 |6 340_540000000000000_BIA_1967 |7 0 |8 DER_ROM |9 295149 |a BIBDER |b BIBDER |d 2019-11-19 |i 1918540 |l 1 |o 340.54 BIA 1967 |p 1918540 |r 2023-01-25 |s 2020-03-17 |w 2019-11-19 |x Ubicación 4to piso |y BK |z Este recurso debe solicitarse con anticipación |k DER | ||